000 00393nam a2200169Ia 4500
003 0STCL
008 150530s9999 xx 000 0 und d
040 _aSTCL
_cSTCL
100 _aVijayan, K.P.
245 _aGadhya Silpi
260 _bMathrubhumi press; Kozhikode
_c1987
_aKozhikode
300 _a0
546 _aMalayalam
942 _2ddc
_cBK
999 _c79916
_d79916
005 20220125171730.0